Programa Nacional para la conservación de la especie endémica de Colombia Pez Capitán de la Sabana (Registro nro. 20727)
[ vista simple ]
| 000 -CABECERA | |
|---|---|
| Campo de control | 01372nam a22003257a 4500 |
| 005 - FECHA Y HORA DE LA ULTIMA TRANSACCION | |
| Campo de control | 20200124110819.0 |
| 008 - ELEMENTOS DE LONGITUD FIJA—INFORMACION GENERAL | |
| Campo de control | 200124b xxu||||| |||| 00| 0 spa d |
| 020 ## - ISBN | |
| ISBN | 9789588901527 |
| 040 ## - FUENTE DE CATALOGACIÓN | |
| Agencia catalogadora original | CO-BoIAVH |
| Agencia transcriptora | CO-BoIAVH |
| 041 ## - IDIOMA | |
| Código de idioma para texto/pista de sonido o título separado | Español |
| 044 ## - PAÍS DE PUBLICACIÓN | |
| País de publicación | Colombia |
| 082 ## - NUMERO DE CLASIFICACION DECIMAL DEWEY | |
| Número de clasificación | 333.9522 |
| Número del ítem | L56p |
| 100 ## - ASIENTO PRINCIPAL--NOMBRE PERSONAL | |
| 9 (RLIN) | 102355 |
| Nombre personal | Lemus Portillo, Ciromar |
| 245 ## - MENCION DE TITULO | |
| Título | Programa Nacional para la conservación de la especie endémica de Colombia Pez Capitán de la Sabana |
| Parte restante del título | (Eremophilus mutisii) |
| Mención de responsabilidad | Ciromar Lemus Portillo y otros |
| 260 ## - PUBLICACION, DISTRIBUCION, ETC. (PIE DE IMPRENTA) | |
| Lugar de publicación, distribución, etc. | Bogotá D.C., |
| Nombre del editor, distribuidor, etc. | Ministerio de Ambiente y Desarrollo Sostenible,, |
| -- | Secretaría Distrital de Ambiente de Bogotá, |
| -- | Universidad Manuela Beltrán |
| Fecha de publicación, distribución, etc. | 2017. |
| 300 ## - DESCRIPCION FISICA | |
| Extensión | 73 páginas, |
| Otros detalles físicos | Fotografías, ilustraciones, mapas y gráficas a color |
| Dimensiones | 27.9 x 21.6 cm |
| 504 ## - NOTA DE BIBLIOGRAFIA, ETC. | |
| Nota de bibliografía | Referencia (páginas 69 - 73) |
| 650 #0 - ASIENTO SECUNDARIO DE MATERIA - TERMINO TEMATICO | |
| 9 (RLIN) | 45000 |
| Término temático o nombre geográfico como elemento de entrada | Recursos hidrobiológicos |
| 650 #0 - ASIENTO SECUNDARIO DE MATERIA - TERMINO TEMATICO | |
| 9 (RLIN) | 157 |
| Término temático o nombre geográfico como elemento de entrada | Especies amenazadas |
| 650 #0 - ASIENTO SECUNDARIO DE MATERIA - TERMINO TEMATICO | |
| 9 (RLIN) | 33277 |
| Término temático o nombre geográfico como elemento de entrada | Capitán de la Sabana |
| Subdivisión general | Especie en peligro. |
| 650 #0 - ASIENTO SECUNDARIO DE MATERIA - TERMINO TEMATICO | |
| 9 (RLIN) | 6165 |
| Término temático o nombre geográfico como elemento de entrada | Conservación de especies |
| 650 #0 - ASIENTO SECUNDARIO DE MATERIA - TERMINO TEMATICO | |
| 9 (RLIN) | 21076 |
| Término temático o nombre geográfico como elemento de entrada | Especies vulnerables |
| 650 #0 - ASIENTO SECUNDARIO DE MATERIA - TERMINO TEMATICO | |
| 9 (RLIN) | 3637 |
| Término temático o nombre geográfico como elemento de entrada | Peces |
| 700 ## - ASIENTO SECUNDARIO - NOMBRE PERSONAL | |
| 9 (RLIN) | 102356 |
| Nombre personal | Echavarría Pedraza, Mónika |
| 700 ## - ASIENTO SECUNDARIO - NOMBRE PERSONAL | |
| 9 (RLIN) | 102357 |
| Nombre personal | Avella Castiblanco, Carolina |
| 700 ## - ASIENTO SECUNDARIO - NOMBRE PERSONAL | |
| 9 (RLIN) | 29407 |
| Nombre personal | López-Meneses, Wendy Francy |
| 700 ## - ASIENTO SECUNDARIO - NOMBRE PERSONAL | |
| 9 (RLIN) | 99529 |
| Nombre personal | Useche Losada, Patricia Elena |
| 700 ## - ASIENTO SECUNDARIO - NOMBRE PERSONAL | |
| 9 (RLIN) | 282 |
| Nombre personal | Mojica Corzo, José Iván |
| 942 ## - ELEMENTOS ADICIONALES (KOHA) | |
| Sistema de clasificación | Dewey Decimal Classification |
| Tipo de ítem | Libro |
| Withdrawn status | Lost status | Sistema de Clasificación | Damaged status | No para préstamo | Colección | Ubicación Permanente | Ubicación actual | Fecha de adquisición | Total Checkouts | Número topográfico | Inventario / Código de Barras | Date last seen | Ejemplar | Price effective from | Forma de adquisición | Tipo de material |
|---|---|---|---|---|---|---|---|---|---|---|---|---|---|---|---|---|
| Dewey Decimal Classification | General | Bogotá | Bogotá | 24/01/2020 | LB-333.9522 L56p | 043992 | 24/01/2020 | Ej. 1 | 24/01/2020 | Donación | Libro | |||||
| Dewey Decimal Classification | General | Bogotá | Bogotá | 24/01/2020 | LB-333.9522 L56p | 043993 | 24/01/2020 | Ej. 2 | 24/01/2020 | Donación | Libro |